000 00675nam a2200229Ia 4500
003 OSt
005 20220918183959.0
006 a|||||r|||| 00| 0
007 ta
008 220917b |||||||| |||| 00| 0 eng d
024 _a43,172
037 _cTextual
040 _aARTS
_cARTS
_beng
041 _2eng
_aeng
082 _aO15,2:g, 111K3
100 _aWells Henry W.
_955020
245 0 _aClassical drama of India
_b studies in its values for the literature and the world
260 _aBombay
_bAsia Publishing House India
_c1963
650 _aSANSKRIT LITERATURE
942 _hO15,2:g, 111K3
_cTEXL
_2CC
999 _c174605
_d174605